| 000 | 01200nmm a2200373 a 4500 | ||
|---|---|---|---|
| 001 | ocm0002016295 | ||
| 003 | TR-IsHL | ||
| 005 | 20201028180643.0 | ||
| 008 | 181219s2012 tu tur | ||
| 007 | cr cn | ||
| 020 | _a9786053844860 | ||
| 035 |
_a2016295 _b(N$T) |
||
| 050 | 0 | 4 |
_aRA776.75 _b.D3219 2012 |
| 090 | 0 | 4 |
_aRA776.75 _b.D3219 2012 |
| 100 | 1 | _aD'Adamo, Peter J. | |
| 245 | 1 | 0 |
_aKan grubunuza göre beslenme _h[electronic resource] / _cPeter J. D'Adamo ; Catherine Whitney ; çeviri Mehtap Gün Ayral |
| 260 |
_aİstanbul : _bYakamoz Kitap, _c2012 |
||
| 300 | _a412 p. | ||
| 500 | _aOriginal title: Aging : fight it with the blood type diet | ||
| 650 | 4 | _aTıp | |
| 650 | 4 | _aMedicine | |
| 650 | 0 | _aKan grupları | |
| 650 | 0 | _aBlood groups | |
| 650 | 0 | _aBeslenme | |
| 650 | 0 | _aNutrition | |
| 650 | 0 | _aKilo kaybı | |
| 650 | 0 | _aWeight loss | |
| 650 | 0 | _aKan grubu antijenler | |
| 650 | 0 | _aBlood group antigens | |
| 650 | 7 |
_aHEALTH & FITNESS / Diet & Nutrition / Nutrition _2bisacsh |
|
| 700 | 1 | _aWhitney, Catherine | |
| 700 | 1 | _aAyral, Mehtap Gün | |
| 856 | 4 | 0 | _uhttp://search.ebscohost.com/login.aspx?direct=true&scope=site&db=e011xww&AN=2016295 |
| 999 |
_c19242 _d19242 |
||